000 00724cam a22002653a 4500
001 32250
003 PGUSA
005 20140828083710.0
008 100504s2010||||xxu|||||s|||||000 | eng d
040 _aPGUSA
_beng
042 _adc
050 4 _aRA
100 1 _aMcIsaac, Isabel
245 1 0 _aAmerican Red Cross Text-Book on Home Hygiene and Care of the Sick
_h[electronic resource] /
_cIsabel McIsaac
260 _bProject Gutenberg,
_c2010
506 _aPublic domain in the USA.
516 _aElectronic text
653 _aHome nursing
653 _aNurses
653 _aHygiene
653 _aNursing
830 0 _aProject Gutenberg
_v32250
856 4 0 _uhttp://www.gutenberg.org/ebooks/32250
942 _cEB
999 _c261505
_d261505